000 01384nam0a22002891 4500
001 v19\rc\2094632
005 20260406133344.0
035 _a(NLR Aleph) 005164693
090 _a5017157
_c5017157
100 _a20081218d1914 |||y0rusy50 ca
101 0 _arus
_ager
102 _aRU
105 _ay z |||a|
200 1 _aКороль Клин-борода
_dKönig Drosselbart
_eСказка для школьного театра в 2 карт. в стихах
_eNach dem Grimmschen Märchen... eingerichtet und in lustige Verse gesetzt von Ad. F.
_e(На нем. яз.)
_zger
210 _aСанкт-Петербург
_cтип. А.Э. Коллинс (б. Ю.Н. Эрлих)
_d1914
215 _a[2], 26 с.
_d21
300 _aАвт. раскрыт по аналогии с другими его произведениями
510 0 _aKönig Drosselbart
_zger
700 1 _7ca
_8rus
_aФедоров
_bА. Ф.
_cпедагог, драматург
_f1864-1928
_gАдольф Федорович
_3RU\NLR\AUTH\770279461
_92651428
702 1 _4570
_7ca
_8rus
_aГримм
_bВ. К.
_f1786-1859
_gВильгельм Карл
_3RU\NLR\AUTH\772018
_9112035
702 1 _4570
_7ca
_8rus
_aГримм
_bЯ.
_f1785-1863
_gЯкоб
_3RU\NLR\AUTH\772021
_9112038
801 0 _aRU
_bNLR
_gpsbo
801 1 _aRU
_bProSoft-M
_2rusmarc
852 _aNLR
_j37.53.6.115
942 _cBOOK
980 _aNB